Normal view MARC view
  • Krause, Monika,

Entry Nombre Personal

Number of records used in: 1

001 - NUMERO DE CONTROL

  • campo de control: 46896

003 - IDENTIFICADOR DE NUMERO DE CONTROL

  • campo de control: DLC

005 - FECHA Y HORA DE LA ÜLTIMA TRANSACCIÓN

  • campo de control: 20220929134808.0

008 - DATOS DE LONGITUD FIJA

  • campo de control de longitud fija: 290922n| azannaabn |n aaa

010 ## - NÚMERO DE CONTROL DE LA BIBLIOTECA DEL CONGRESO

  • Número de control LC: n 2007042471

035 ## - NUMERO DE CONTROL

  • Número de control: (OCoLC)oca07438343

040 ## - FUENTE DE CATALOGACIÓN

  • Agencia original de catalogación: DLC
  • Lenguaje de catalogación: spa
  • Description conventions: rda
  • Agencia de transcripción: DLC
  • Agencia que lo modifica: ICU
  • Agencia que lo modifica: CU-I
  • Agencia que lo modifica: MX-MxUPN

046 ## - FECHAS CON CODIFICACIÓN ESPECIAL

  • Fecha de nacimiento: 1978-04-20
  • Fuente del formato de fecha: edtf

100 1# - ENCABEZAMIENTO - NOMBRE PERSONAL

  • Nombre personal: Krause, Monika,
  • Fechas asociadas con el nombre: 1978-

373 ## - GRUPO ASOCIADO

  • Associated group: Goldsmiths' College
  • Start period: 2011
  • Fuente del término: naf

374 ## - OCUPACIÓN

  • Occupation: Sociologos
  • Occupation: Profesores universitarios
  • Fuente del término: lemb

375 ## - GÉNERO

  • Gender: femenino

377 ## - LENGUA ASOCIADA

  • Language code: eng

670 ## - FUENTE EN LA QUE SE LOCALIZARON DATOS

  • Cita de la fuente: The university against itself, 2008:
  • Información localizada: ECIP t.p. (Monika Krause) data view (b. Apr. 20, 1978)

670 ## - FUENTE EN LA QUE SE LOCALIZARON DATOS

  • Cita de la fuente: Goldsmiths, University of London WWW site, November 4, 2016:
  • Información localizada: Monika Krause Msc PhD page (Monika Krause, MSc, PhD, senior lecturer in the Department of Sociology at Goldsmiths, where she has taught since 2011; PhD in sociology from New York University; MA in political sociology from the London School of Economics)
  • Uniform Resource Identifier: http://www.gold.ac.uk/sociology/staff/krause/

670 ## - FUENTE EN LA QUE SE LOCALIZARON DATOS

  • Cita de la fuente: La teoría social ahora, 2019:
  • Información localizada: portada (Monika Krause)

902 ## - CATALOGADOR

  • Catalogador: VAGG/290922